000 00261nam a2200097Ia 4500
001 684961
005 20250826161508.0
008 250824s9999 xx 000 0 und d
245 0 _aSCHRÖDINGERİN KEDİSİ 2 RÜYA/A.ALATLI/EVEREST
_cALEV ALATLI
260 _bEVEREST
999 _c684961
_d684961